000 00194 a2200097 4500
020 _a9780894807671
041 _aeng
100 _aHarvey kidder
245 _aThe kids book of Chess
942 _cREF
999 _c30395
_d30393